088_ Personnalités nées un 29 mars par images - Statistiques

Statistiques générales
  • Ce quiz a été pris 31 fois
  • Le résultat moyen est 3 sur 9
Statistiques - réponses
Par images Hint Réponse % Correct
Animateur André Bouchet / Passe Partout
90%
Footballeur N'Golo Kanté
80%
Footballeur Dimitri Payet
73%
Chanteuse Marine
70%
Dirigeant Politique John Tyler
0%
Footballeur Niklas Ødegård
0%
Homme d'affaires Sam Walton
0%
Acteur Scott Wilson
0%
Peintre Ysabel Minoggio-Roussel
0%
Aucun quiz correspondant
Distribution des résultats
% des personnes avec chaque résultat
Percentile par nombre de réponses
Votre historique - résultats
Vous n’avez pas pris ce quiz